Movies Quiz

Random Movies or Box Office Quiz

Top 10 Box Office Stars (1940s) Quiz Stats

 Plays Quiz Updated Feb 9, 2015

Challenge
Share
Tweet
Embed
Score 0/100 Timer 10:00
6 Plays Today
% Correct
Clark Gable
89.7%
Clark Gable
89.7%
Clark Gable
89.7%
Clark Gable
89.7%
Clark Gable
89.7%
Clark Gable
89.7%
Clark Gable
89.7%
Humphrey Bogart
89.2%
Humphrey Bogart
89.2%
Humphrey Bogart
89.2%
Humphrey Bogart
89.2%
Humphrey Bogart
89.2%
Humphrey Bogart
89.2%
Humphrey Bogart
89.2%
Spencer Tracy
83.7%
Spencer Tracy
83.7%
Spencer Tracy
83.7%
Spencer Tracy
83.7%
Spencer Tracy
83.7%
Spencer Tracy
83.7%
Cary Grant
80.5%
Cary Grant
80.5%
Cary Grant
80.5%
John Wayne
80.2%
Bette Davis
78.5%
Bette Davis
78.5%
Bette Davis
78.5%
Bing Crosby
74.5%
Bing Crosby
74.5%
Bing Crosby
74.5%
Bing Crosby
74.5%
Bing Crosby
74.5%
Bing Crosby
74.5%
Bing Crosby
74.5%
% Correct
Bing Crosby
74.5%
Judy Garland
72.3%
Judy Garland
72.3%
Judy Garland
72.3%
Gary Cooper
72%
Gary Cooper
72%
Gary Cooper
72%
Gary Cooper
72%
Gary Cooper
72%
Gary Cooper
72%
Gary Cooper
72%
Gary Cooper
72%
Gary Cooper
72%
Mickey Rooney
69.7%
Mickey Rooney
69.7%
Mickey Rooney
69.7%
Mickey Rooney
69.7%
Bob Hope
68.8%
Bob Hope
68.8%
Bob Hope
68.8%
Bob Hope
68.8%
Bob Hope
68.8%
Bob Hope
68.8%
Bob Hope
68.8%
Bob Hope
68.8%
Bob Hope
68.8%
James Cagney
67%
James Cagney
66.9%
James Cagney
66.9%
James Cagney
66.9%
Ingrid Bergman
65.3%
Ingrid Bergman
65.3%
Ingrid Bergman
65.3%
Gregory Peck
62.5%
% Correct
Roy Rogers
60.5%
Betty Grable
59.4%
Betty Grable
59.4%
Betty Grable
59.4%
Betty Grable
59.4%
Betty Grable
59.4%
Betty Grable
59.4%
Betty Grable
59.4%
Betty Grable
59.4%
Bud Abbott & Lou Costello
57.9%
Bud Abbott & Lou Costello
57.9%
Bud Abbott & Lou Costello
57.9%
Bud Abbott & Lou Costello
57.9%
Bud Abbott & Lou Costello
57.9%
Bud Abbott & Lou Costello
57.9%
Greer Garson
52.1%
Greer Garson
52.1%
Greer Garson
52.1%
Greer Garson
52.1%
Greer Garson
52.1%
Esther Williams
47.2%
Van Johnson
47%
Van Johnson
46.9%
Claudette Colbert
46.4%
Gene Autry
44.2%
Gene Autry
44.2%
Gene Autry
44.2%
Tyrone Power
44%
Alan Ladd
42.1%
Wallace Beery
35.8%
Margaret O'Brien
34.2%
Margaret O'Brien
34.2%

You're not logged in!

Compare scores with friends on all Sporcle quizzes.
Join for Free
OR
Log In

You Might Also Like...

Show Comments

Extras

Top Quizzes Today


Score Distribution

Your Account Isn't Verified!

In order to create a playlist on Sporcle, you need to verify the email address you used during registration. Go to your Sporcle Settings to finish the process.

Report this User

Report this user for behavior that violates our Community Guidelines.

Details: